|
|
|
|
| LEADER |
02155nam a22003733i 4500 |
| 001 |
EBC6209863 |
| 003 |
MiAaPQ |
| 005 |
20231204023214.0 |
| 006 |
m o d | |
| 007 |
cr cnu|||||||| |
| 008 |
231204s2019 xx o ||||0 eng d |
| 020 |
|
|
|a 9783110612271
|q (electronic bk.)
|
| 020 |
|
|
|z 9783110600780
|
| 035 |
|
|
|a (MiAaPQ)EBC6209863
|
| 035 |
|
|
|a (Au-PeEL)EBL6209863
|
| 035 |
|
|
|a (OCoLC)1129157229
|
| 040 |
|
|
|a MiAaPQ
|b eng
|e rda
|e pn
|c MiAaPQ
|d MiAaPQ
|
| 082 |
0 |
|
|a 170
|
| 100 |
1 |
|
|a Heilinger, Jan-Christoph.
|
| 245 |
1 |
0 |
|a Cosmopolitan Responsibility :
|b Global Injustice, Relational Equality, and Individual Agency.
|
| 250 |
|
|
|a 1st ed.
|
| 264 |
|
1 |
|a Berlin/Boston :
|b Walter de Gruyter GmbH,
|c 2019.
|
| 264 |
|
4 |
|c Ã2020.
|
| 300 |
|
|
|a 1 online resource (268 pages)
|
| 336 |
|
|
|a text
|b txt
|2 rdacontent
|
| 337 |
|
|
|a computer
|b c
|2 rdamedia
|
| 338 |
|
|
|a online resource
|b cr
|2 rdacarrier
|
| 505 |
0 |
|
|a Intro -- Acknowledgements -- Contents -- Introduction: The challenge. Global injustice and the individual agent -- Part I. The cosmopolitan ethos -- Chapter 1. Cosmopolitanism. The ideal of global justice, past and present -- Chapter 2. Equality. Towards global relational egalitarianism -- Chapter 3. Pragmatism. Practice and the possibility of progress -- Part II. Challenges -- Chapter 4. Impact. Do my acts matter? -- Chapter 5. Impartiality. The fragmentation of morality -- Chapter 6. Imperfection. Overdemandingness and the inevitability of moral failure -- Conclusion. The ethos of cosmopolitan responsibility -- Bibliography -- Index.
|
| 588 |
|
|
|a Description based on publisher supplied metadata and other sources.
|
| 590 |
|
|
|a Electronic reproduction. Ann Arbor, Michigan : ProQuest Ebook Central, 2023. Available via World Wide Web. Access may be limited to ProQuest Ebook Central affiliated libraries.
|
| 655 |
|
4 |
|a Electronic books.
|
| 776 |
0 |
8 |
|i Print version:
|a Heilinger, Jan-Christoph
|t Cosmopolitan Responsibility
|d Berlin/Boston : Walter de Gruyter GmbH,c2019
|z 9783110600780
|
| 797 |
2 |
|
|a ProQuest (Firm)
|
| 856 |
4 |
0 |
|u https://ebookcentral.proquest.com/lib/matrademy/detail.action?docID=6209863
|z Click to View
|